Data mining ako zdroj konkurenčnej výhody
Charakteristika pojmu data mining. Reakcia na nedostatočné využitie a vyťaženie veľkých súborov údajov. Techniky data miningu. Data mining a konkurenčná výhoda.
Gespeichert in:
| 1. Verfasser: | |
|---|---|
| Format: | Buchkapitel |
| Sprache: | Slowakisch |
| Schlagworte: | |
| Tags: |
Keine Tags, Fügen Sie das erste Tag hinzu!
|
MARC
| LEADER | 00000naa$a2200000$$$4500 | ||
|---|---|---|---|
| 001 | 0045827 | ||
| 005 | 20240502071530.3 | ||
| 041 | 0 | |a slo | |
| 044 | |a SK | ||
| 245 | 1 | 0 | |a Data mining ako zdroj konkurenčnej výhody |c Dana Vokounová |
| 520 | |a Charakteristika pojmu data mining. Reakcia na nedostatočné využitie a vyťaženie veľkých súborov údajov. Techniky data miningu. Data mining a konkurenčná výhoda. | ||
| 610 | 2 | 0 | |a dolovanie dát |
| 610 | 2 | 0 | |a výhody konkurenčné |
| 610 | 2 | 0 | |a pojmy |
| 610 | 2 | 0 | |a informácie |
| 610 | 2 | 0 | |a báza dát |
| 100 | 1 | |a Vokounová, Dana, 1962- | |